Southville International School and Colleges
Your cart is empty.
  • Cart
  • Lists
    Public lists Eva Luna New books Lux_list list_1
    Your lists Log in to create your own lists
  • Log in to your account
  • Your cookies
  • Search history
Southville International School and Colleges
  • Advanced search
  • Recent comments
  • Most popular
  • Libraries

Log in to your account

Log in with GOOGLE


If you do not have an external account, but do have a local account, you can still log in:

  1. Home
  2. MARC view: There's more to teaching primaries :
Normal view MARC view ISBD view

There's more to teaching primaries : (Record no. 284596)

[ view plain ]
MARC details
000 -LEADER
fixed length control field 00557nam a22001697a 4500
003 - CONTROL NUMBER IDENTIFIER
control field PILC
005 - DATE AND TIME OF LATEST TRANSACTION
control field 20150905100402.0
008 - FIXED-LENGTH DATA ELEMENTS--GENERAL INFORMATION
fixed length control field 150603b xxu||||| |||| 00| 0 eng d
020 ## - INTERNATIONAL STANDARD BOOK NUMBER
International Standard Book Number 0882071742
050 ## - LIBRARY OF CONGRESS CALL NUMBER
Classification number BS 2556
Item number .M478 1976
100 ## - MAIN ENTRY--PERSONAL NAME
Personal name McDaniel, Elsiebeth.
245 ## - TITLE STATEMENT
Title There's more to teaching primaries :
Remainder of title a hook for his coat and a card for his name /
Statement of responsibility, etc Elsiebeth McDaniel.
260 ## - PUBLICATION, DISTRIBUTION, ETC. (IMPRINT)
Place of publication, distribution, etc Illinois :
Name of publisher, distributor, etc Victor Books,
Date of publication, distribution, etc 1976.
300 ## - PHYSICAL DESCRIPTION
Extent 47 pages :
Other physical details illustrations ;
Dimensions 21 cm.
650 ## - SUBJECT ADDED ENTRY--TOPICAL TERM
Topical term or geographic name as entry element Christian education of children.
942 ## - ADDED ENTRY ELEMENTS (KOHA)
Source of classification or shelving scheme Library of Congress Classification
Koha item type Books
Call number prefix Foreign
Holdings
Withdrawn status Lost status Source of classification or shelving scheme Damaged status Home library Current library Shelving location Date acquired Source of acquisition Total Checkouts Full call number Barcode Date last seen Price effective from Koha item type
    Library of Congress Classification   Archives Archives   06/03/2015 Library Fund   BS 2556 .M478 1976 C19532 05/15/2018 06/03/2015 Books

There's more to teaching primaries :

APA

McDaniel E., . (1976). There's more to teaching primaries. Illinois: Victor Books.

Chicago

McDaniel Elsiebeth, . 1976. There's more to teaching primaries. Illinois: Victor Books.

Harvard

McDaniel E., . (1976). There's more to teaching primaries. Illinois: Victor Books.

MLA

McDaniel Elsiebeth, . There's more to teaching primaries. Illinois: Victor Books. 1976.

  • Place hold
  • Print
  • Cite
  • Add to your cart (remove)
  • Save record
    BIBTEX Dublin Core MARCXML MARC (non-Unicode/MARC-8) MARC (Unicode/UTF-8) MARC (Unicode/UTF-8, Standard) MODS (XML) RIS
  • More searches
    Search for this title in:
    Other Libraries (WorldCat) Other Databases (Google Scholar) Online Stores (Bookfinder.com) Open Library (openlibrary.org)

Exporting to Dublin Core...

SOUTHVILLE LIBRARY

Southville International School and Colleges Library

1281 Tropical Ave. Cor. Luxembourg St., BF Homes International, Las Pinas City

Tel. No. 8256374 / 252358 Loc. 117/146

Powered by Koha